| 000 | 01201nam0a22002891 4500 | ||
|---|---|---|---|
| 001 | rc\1081326 | ||
| 005 | 20250622140646.0 | ||
| 035 | _a(NLR Aleph) 006329624 | ||
| 090 |
_a7531367 _c7531367 |
||
| 100 | _a20041126d1984 |||y0rusy50 ca | ||
| 101 | 0 | _arus | |
| 102 | _aRU | ||
| 105 | _aa ||||||||| | ||
| 200 | 1 |
_aСовременная гидродинамика. Успехи и проблемы _f[Дж. Бэтчелор, Г. Моффат, Ф. Сэффмен и др.] _gРед. Дж. Бэтчелор, Г. Моффат _gПер. с англ. под ред. [и со вступ. ст.] В.М. Ентова, Г.Ю. Степанова |
|
| 210 |
_aМ. _cМир _d1984 |
||
| 215 |
_a501 с. _cил. _d22 |
||
| 300 | _aАвт. указаны в содерж. | ||
| 320 | _aБиблиогр. в конце глав | ||
| 320 | _aУказ. имен, предм.: с. 489-500 | ||
| 701 | 1 |
_aБэтчелор _bД.К. _gДжордж К. |
|
| 702 | 1 |
_4340 _7ca _8rus _aЕнтов _bВ. М. _f1937-2008 _gВладимир Мордухович _92641394 _3RU\NLR\AUTH\770272347 |
|
| 801 | 0 |
_aRU _bNLR _gpsbo |
|
| 801 | 1 |
_aRU _bELAR _2rusmarc |
|
| 852 |
_aNLR _j84-5/3871 |
||
| 942 | _cBOOK | ||
| 980 | _aNB | ||